Statistics for Countries that Start with A - Map Quiz

Click here to take the quiz!

General Stats

  • This quiz has been taken 2,962 times
    (1,175 since last reset)
  • The average score is 10 of 11

Answers on the Map

Answers color-coded by a green-red scale on the quiz's map according to % correct below.
 

Answer Stats

Answer% Correct
Argentina
97%
Algeria
93%
Australia
93%
Angola
92%
Afghanistan
91%
Andorra
91%
Antigua and Barbuda
91%
Albania
90%
Austria
88%
Azerbaijan
86%
Armenia
83%

Score Distribution

Percentile by Number Answered

Percent of People with Each Score

Your Score History

You have not taken this quiz since the last reset